000 00362nam a2200145Ia 4500
008 230917s9999||||xx |||||||||||||| ||und||
040 _e148074
_aMAIN
041 _aEnglish
082 _a613.7 P211S
100 _aParameswara Ram, N
245 0 _aScience of kinesiology
260 _aVisakhapatram
_bAruna Book Centre
_c1992
300 _a125 p.
942 _cBK
999 _c180514
_d180514